[Event "Belem op 1st"]
[Site "Belem"]
[Date "2024.04.14"]
[Round "5"]
[White "Pessoa, Marcio de Souza"]
[Black "Pereira Fo, Hildebrando Apolon"]
[Result "1-0"]
[WhiteElo "1785"]
[BlackElo "1702"]
[PlyCount "65"]
[EventDate "2024.04.13"]
[EventType "swiss"]
[EventRounds "6"]
[EventCountry "BRA"]
[SourceTitle "CB18_2024"]
[SourceDate "2024.05.01"]
[SourceVersion "1"]
[SourceVersionDate "2024.05.01"]
[SourceQuality "2"]

1. e4 c5 2. Nf3 Nc6 3. Bb5 a6 4. Bxc6 dxc6 5. h3 Nf6 6. d3 e6 7. 0-0 h6 8. Be3 c4 9. Nc3 cxd3 10. cxd3 b5 11. Rc1 Bb7 12. Ne2 Be7 13. Ng3 Rc8 14. d4 0-0 15. Qd2 a5 16. Bxh6 Nh7 17. Be3 Bb4 18. Qe2 a4 19. a3 Ba5 20. Ne5 Qe8 21. f4 Bc7 22. Ng4 f5 23. Ne5 Bxe5 24. fxe5 Qg6 25. Nh5 fxe4 26. Nf4 Qe8 27. Qg4 Rf5 28. Nxe6 Rxf1+ 29. Rxf1 Qe7 30. Bh6 g5 31. Nxg5 Nxg5 32. Bxg5 Qg7 33. Qe6+ 1-0

[Event "Manaus op 2nd"]
[Site "Manaus"]
[Date "2023.10.16"]
[Round "8"]
[White "Soares, Edson Arantes Guima"]
[Black "Pessoa, Marcio de Souza"]
[Result "0-1"]
[WhiteElo "1856"]
[BlackElo "1856"]
[PlyCount "118"]
[EventDate "2023.10.11"]
[EventType "swiss"]
[EventRounds "9"]
[EventCountry "BRA"]
[SourceTitle "Mega2024 Update 01"]
[Source "Chessbase"]
[SourceDate "2023.11.12"]
[SourceVersion "1"]
[SourceVersionDate "2023.11.12"]
[SourceQuality "1"]

1. d4 c6 2. c4 d5 3. Nc3 e6 4. e3 Nf6 5. Bd3 a6 6. a4 a5 7. Qc2 Na6 8. Na2 Bb4+ 9. Bd2 Qe7 10. c5 e5 11. Nxb4 Nxb4 12. Bxb4 axb4 13. dxe5 Qxe5 14. Nf3 Qe7 15. 0-0 Ra5 16. Rac1 Nd7 17. e4 Rxc5 18. Qd2 Rxc1 19. Qxc1 Nf6 20. exd5 Nxd5 21. Re1 Be6 22. Ng5 Qf6 23. g3 h6 24. Ne4 Qe7 25. f4 0-0 26. Nf2 Qf6 27. Ne4 Qd4+ 28. Nf2 Kh8 29. g4 Qxf4 30. Qxf4 Nxf4 31. Re4 Nd5 32. Bc4 Nf6 33. Rf4 Bxc4 34. Rxc4 Nd5 35. Nd3 Re8 36. Nxb4 Re1+ 37. Kf2 Rb1 38. Nd3 Kh7 39. Rc1 Rxc1 40. Nxc1 g5 41. Nd3 Kg6 42. b4 Nc3 43. a5 Nd5 44. a6 bxa6 45. Ne5+ Kf6 46. Nxc6 Ke6 47. Nd8+ Ke7 48. Nc6+ Kd6 49. Nd4 Nxb4 50. Nf5+ Ke6 51. Nxh6 a5 52. Nf5 Ke5 53. Ke2 Kf4 54. Ne3 a4 55. Nc4 Kxg4 56. Kf2 Kh3 57. Kg1 Nc2 58. Kh1 g4 59. Kg1 Nd4 0-1

[Event "Manaus op 2nd"]
[Site "Manaus"]
[Date "2023.10.13"]
[Round "4"]
[White "Azevedo Junior, Jose Ferreira"]
[Black "Pessoa, Marcio de Souza"]
[Result "1-0"]
[WhiteElo "2121"]
[BlackElo "1856"]
[PlyCount "53"]
[EventDate "2023.10.11"]
[EventType "swiss"]
[EventRounds "9"]
[EventCountry "BRA"]
[SourceTitle "Mega2024 Update 01"]
[Source "Chessbase"]
[SourceDate "2023.11.12"]
[SourceVersion "1"]
[SourceVersionDate "2023.11.12"]
[SourceQuality "1"]

1. c4 c6 2. g3 Nf6 3. Bg2 e6 4. d4 d5 5. Nf3 Be7 6. 0-0 Nbd7 7. b3 0-0 8. Bb2 b5 9. Nbd2 bxc4 10. bxc4 Rb8 11. Qc2 Ba6 12. Rfb1 Qa5 13. Bc3 Qc7 14. Qa4 Bxc4 15. Nxc4 dxc4 16. Ba5 Nb6 17. Bxb6 axb6 18. Qxc4 b5 19. Qc2 c5 20. Ne5 Rb6 21. a4 bxa4 22. Rxb6 Qxb6 23. Nc6 Bd6 24. Rb1 Qa6 25. dxc5 Bc7 26. Ne7+ Kh8 27. Bb7 1-0

[Event "Norte e Nordeste-ch U2000"]
[Site "Fortaleza"]
[Date "2022.04.16"]
[Round "3"]
[White "Lima Filho, Gilberto Faco"]
[Black "Pessoa, Marcio de Souza"]
[Result "1-0"]
[WhiteElo "1955"]
[BlackElo "1835"]
[PlyCount "103"]
[EventDate "2022.04.15"]
[EventType "swiss"]
[EventRounds "6"]
[EventCountry "BRA"]
[SourceTitle "EXT 2023"]
[Source "ChessBase"]
[SourceDate "2022.10.05"]
[SourceVersion "1"]
[SourceVersionDate "2022.10.05"]
[SourceQuality "1"]

1. e4 c6 2. d4 d5 3. e5 Bf5 4. Nc3 e6 5. g4 Bg6 6. Nge2 c5 7. h4 h6 8. Nf4 Bh7 9. Be3 cxd4 10. Bxd4 Nc6 11. Nh5 a6 12. f4 Qa5 13. a3 0-0-0 14. b4 Bxb4 15. axb4 Qxb4 16. Ra4 Qb2 17. Nb5 Qxc2 18. Qxc2 Bxc2 19. Ra2 Be4 20. Rh3 axb5 21. Bb6 Nge7 22. Bxb5 Kd7 23. Bxd8 Rxd8 24. Nxg7 Rg8 25. Nh5 Kc7 26. Nf6 Rd8 27. Bxc6 Nxc6 28. Nxe4 dxe4 29. Ra4 b5 30. Rxe4 b4 31. h5 Kb6 32. g5 hxg5 33. fxg5 Kb5 34. h6 Rh8 35. Kd2 Kc5 36. Rd3 Ra8 37. Rd7 Ra2+ 38. Kc1 b3 39. h7 Rh2 40. Rxf7 Kd5 41. Ra4 Nxe5 42. Ra5+ Ke4 43. Rxe5+ Kxe5 44. g6 Kd4 45. Rc7 e5 46. g7 Rxh7 47. g8Q Rxc7+ 48. Kb2 Rc5 49. Kxb3 e4 50. Kb4 Rc1 51. Qd8+ Ke5 52. Qg5+ 1-0

[Event "BRA-ch 87th"]
[Site "Cuiaba"]
[Date "2021.11.04"]
[Round "11"]
[White "Gazineu Neto, Rubens"]
[Black "Pessoa, Marcio de Souza"]
[Result "0-1"]
[WhiteElo "1931"]
[BlackElo "1818"]
[PlyCount "113"]
[EventDate "2021.10.28"]
[EventType "swiss"]
[EventRounds "11"]
[EventCountry "BRA"]
[SourceTitle "CBM 205 Extra"]
[Source "ChessBase"]
[SourceDate "2022.01.31"]
[SourceVersion "1"]
[SourceVersionDate "2022.01.31"]
[SourceQuality "1"]

1. c4 f5 2. d4 e6 3. g3 Nf6 4. Nc3 d5 5. Nf3 c6 6. Qb3 Bd6 7. Bg2 0-0 8. 0-0 Nbd7 9. Ng5 Qe7 10. f4 h6 11. Nf3 Ne4 12. Nxe4 fxe4 13. Ne5 Nxe5 14. dxe5 Bc5+ 15. e3 a5 16. a4 b6 17. Re1 Ba6 18. Bf1 Qf7 19. Be2 Qg6 20. Kg2 Kh8 21. Bd2 Rad8 22. Rad1 Rd7 23. Bc1 Rfd8 24. h3 Bb7 25. cxd5 exd5 26. Rf1 Rf7 27. Kh2 h5 28. Bd2 Bc8 29. Rh1 Be6 30. Qc2 d4 31. exd4 Rxd4 32. Bc3 Rxd1 33. Bxd1 Qf5 34. Qg2 Bd5 35. Re1 h4 36. Rf1 Be3 37. Be1 hxg3+ 38. Bxg3 Bd4 39. Bg4 e3 40. Qe2 Qe4 41. Bf3 Qf5 42. Bg4 Qe4 43. Bf3 Qh7 44. Bxd5 cxd5 45. e6 Rc7 46. f5 Rc8 47. b3 Qh6 48. h4 Qf6 49. Kh3 Be5 50. Rf3 d4 51. Qh2 Bxg3 52. Qxg3 e2 53. Qe1 Qe5 54. Kg2 Qe4 55. Kf2 Rc2 56. h5 Qh4+ 57. Kg2 0-1

[Event "BRA-ch 87th"]
[Site "Cuiaba"]
[Date "2021.10.31"]
[Round "5"]
[White "Mazetto, Sergio Luiz"]
[Black "Pessoa, Marcio de Souza"]
[Result "1-0"]
[WhiteElo "2119"]
[BlackElo "1818"]
[PlyCount "49"]
[EventDate "2021.10.28"]
[EventType "swiss"]
[EventRounds "11"]
[EventCountry "BRA"]
[SourceTitle "CBM 205 Extra"]
[Source "ChessBase"]
[SourceDate "2022.01.31"]
[SourceVersion "1"]
[SourceVersionDate "2022.01.31"]
[SourceQuality "1"]

1. g3 e6 2. Bg2 d5 3. Nf3 f5 4. c4 c6 5. 0-0 Nf6 6. d3 Bd6 7. Nc3 a6 8. e4 fxe4 9. dxe4 dxe4 10. Ng5 0-0 11. Ngxe4 Be5 12. Qe2 Qc7 13. Be3 Nxe4 14. Nxe4 Nd7 15. f4 Bf6 16. Rad1 Be7 17. Bd4 e5 18. fxe5 Nxe5 19. Rxf8+ Bxf8 20. Ng5 Bg4 21. Qe4 Ng6 22. Qxg4 Re8 23. Nxh7 Ne5 24. Nf6+ Kf7 25. Nxe8 1-0

[Event "BRA-ch 87th"]
[Site "Cuiaba"]
[Date "2021.10.30"]
[Round "4"]
[White "Pessoa, Marcio de Souza"]
[Black "Santos, Wenesley da Luz"]
[Result "1-0"]
[WhiteElo "1818"]
[BlackElo "1286"]
[PlyCount "37"]
[EventDate "2021.10.28"]
[EventType "swiss"]
[EventRounds "11"]
[EventCountry "BRA"]
[SourceTitle "CBM 205 Extra"]
[Source "ChessBase"]
[SourceDate "2022.01.31"]
[SourceVersion "1"]
[SourceVersionDate "2022.01.31"]
[SourceQuality "1"]

1. e4 c5 2. Nf3 d6 3. Bc4 e6 4. c3 Nf6 5. d3 Be7 6. Nbd2 0-0 7. Bb3 Nc6 8. Nf1 Qc7 9. Ng3 b5 10. Bg5 Nd7 11. Bf4 a5 12. Qd2 Bf6 13. Nh5 Be7 14. Bh6 Nf6 15. Nxg7 Ng4 16. Nh5 Re8 17. h3 Nge5 18. Bg5 Ng6 19. Nf6+ 1-0

[Event "Florianopolis op 7th"]
[Site "Florianopolis"]
[Date "2021.01.24"]
[Round "10"]
[White "Souza, Ramon Santana De"]
[Black "Pessoa, Marcio de Souza"]
[Result "1-0"]
[WhiteElo "1652"]
[BlackElo "1848"]
[PlyCount "107"]
[EventDate "2021.01.18"]
[EventType "swiss"]
[EventRounds "10"]
[EventCountry "BRA"]
[SourceTitle "CBM 200 Extra"]
[Source "ChessBase"]
[SourceDate "2021.03.31"]
[SourceVersion "1"]
[SourceVersionDate "2021.03.31"]
[SourceQuality "1"]

1. e4 c6 2. d4 d5 3. e5 Bf5 4. h4 h5 5. Bg5 Qb6 6. Bd3 Bxd3 7. Qxd3 e6 8. Nc3 Ne7 9. Nge2 Nd7 10. 0-0 f6 11. exf6 gxf6 12. Be3 Bh6 13. Bxh6 Rxh6 14. Nf4 Nf8 15. Rfe1 f5 16. Na4 Qb5 17. Qxb5 cxb5 18. Nc5 Kf7 19. Nxb7 Neg6 20. Nd6+ Kf6 21. Nd3 Nxh4 22. Nxb5 Rg6 23. Ne5 Nf3+ 24. Kf1 Nxe1 25. Nxg6 Nxc2 26. Rc1 Nxd4 27. Nxd4 Nxg6 28. Rc6 Re8 29. Ra6 Ke5 30. Nc6+ Ke4 31. Ra4+ Kd3 32. Rd4+ Kc2 33. Ke2 Kxb2 34. Kd2 Rc8 35. Nxa7 Rc4 36. Nb5 Kxa2 37. Rxc4 dxc4 38. Kc3 Nf4 39. g3 Ne2+ 40. Kxc4 f4 41. Nc3+ Nxc3 42. Kxc3 fxg3 43. fxg3 e5 44. Kd3 Kb3 45. Ke4 Kc4 46. Kxe5 Kc5 47. Kf5 Kd6 48. Kg5 h4 49. Kxh4 Ke6 50. Kg5 Kf7 51. Kh6 Kg8 52. Kg6 Kh8 53. g4 Kg8 54. g5 1-0

[Event "Paraense-ch"]
[Site "Castanhal"]
[Date "2020.11.02"]
[Round "4"]
[White "Pessoa, Marcio de Souza"]
[Black "Laranjeira, Marcio Muniz"]
[Result "0-1"]
[WhiteElo "1903"]
[BlackElo "1957"]
[PlyCount "147"]
[EventDate "2020.10.31"]
[EventType "swiss"]
[EventRounds "5"]
[EventCountry "BRA"]
[SourceTitle "EXT 2022"]
[Source "ChessBase"]
[SourceDate "2021.10.06"]
[SourceVersion "1"]
[SourceVersionDate "2021.10.06"]
[SourceQuality "1"]

1. e4 e5 2. Nf3 Nc6 3. Bc4 Bc5 4. c3 Nf6 5. d3 h6 6. Nbd2 0-0 7. 0-0 d5 8. exd5 Nxd5 9. Ne4 Bb6 10. h3 Be6 11. Re1 f5 12. Ng3 Qd6 13. Qc2 Rae8 14. b4 Nf4 15. a4 a5 16. b5 Bxc4 17. dxc4 Nd3 18. Ba3 Nxe1 19. Nxe1 Nb4 20. cxb4 axb4 21. Rd1 Qe7 22. Bb2 e4 23. a5 Bc5 24. Kh1 f4 25. Nh5 Rf7 26. Qe2 Qh4 27. Nxg7 Rxg7 28. Bxg7 Kxg7 29. Rd7+ Re7 30. Rxe7+ Qxe7 31. Qg4+ Qg5 32. Qd7+ Qe7 33. Qg4+ Qg5 34. Qd7+ Kg6 35. Qe6+ Qf6 36. Qxe4+ Kg7 37. Nd3 b6 38. axb6 cxb6 39. Qb7+ Qe7 40. Qxe7+ Bxe7 41. c5 bxc5 42. b6 Bd6 43. b7 b3 44. Nb2 Kf7 45. Kg1 Ke7 46. Kf1 Kd7 47. Ke2 Kc7 48. Kd3 Be5 49. Nc4 Bd4 50. Na5 Bxf2 51. Nxb3 Kxb7 52. Ke4 Kc6 53. Kxf4 c4 54. Na1 Kd5 55. Nc2 c3 56. g4 Bh4 57. Na3 Be7 58. Nc2 Kc4 59. Na1 Kd3 60. Kf5 Bg5 61. Kg6 Bc1 62. h4 Bb2 63. Nb3 Kc4 64. Na5+ Kb4 65. Nc6+ Kc5 66. Ne5 c2 67. Nd3+ Kd4 68. Nf4 Ke4 69. Ne2 Kf3 70. Ng1+ Ke3 71. Kxh6 c1Q 72. Nh3 Kf3+ 73. g5 Kg4 74. Nf2+ 0-1

[Event "BRA-ch sf"]
[Site "Brasilia"]
[Date "2011.11.01"]
[Round "6"]
[White "Garkauskas, Otto Dmitry"]
[Black "Pessoa, Marcio de Souza"]
[Result "1-0"]
[WhiteElo "2050"]
[BlackElo "1912"]
[PlyCount "109"]
[EventDate "2011.10.29"]
[EventType "swiss"]
[EventRounds "8"]
[EventCountry "BRA"]
[SourceTitle "EXT 2012"]
[Source "ChessBase"]
[SourceDate "2011.11.24"]
[SourceVersion "1"]
[SourceVersionDate "2011.11.24"]
[SourceQuality "1"]

1. d4 d5 2. c4 e6 3. Nc3 Nf6 4. Bg5 Be7 5. e3 h6 6. Bh4 0-0 7. Nf3 b6 8. cxd5 exd5 9. Qc2 Bg4 10. Ne5 Bh5 11. Bd3 c5 12. Bxf6 Bxf6 13. Nxd5 Bxe5 14. dxe5 Nc6 15. Nf4 Nb4 16. Qb1 Qg5 17. Be4 Rad8 18. Nxh5 Qxh5 19. f4 Qh4+ 20. g3 Qg4 21. a3 Nd5 22. Qc1 f5 23. Bg2 Ne7 24. Qc4+ Kh8 25. Qe2 Qg6 26. 0-0 Rd7 27. Rfd1 Rfd8 28. Rxd7 Rxd7 29. Rd1 Qe6 30. Rd2 Kh7 31. Qd1 Rxd2 32. Qxd2 Kg8 33. e4 Kf7 34. h3 fxe4 35. g4 Qd5 36. Qe3 Qd3 37. Qxe4 Qxe4 38. Bxe4 Ke6 39. Kf2 g5 40. Kg3 b5 41. h4 gxf4+ 42. Kxf4 a5 43. Bf5+ Kf7 44. g5 hxg5+ 45. Kxg5 b4 46. axb4 cxb4 47. e6+ Kg7 48. Bc2 Ng8 49. h5 Nh6 50. e7 Nf7+ 51. Kf5 Nd6+ 52. Ke6 Ne8 53. Ba4 Nf6 54. h6+ Kg6 55. Bc2+ 1-0

[Event "Brasilia op"]
[Site "Brasilia"]
[Date "2011.01.19"]
[Round "2"]
[White "Pessoa, Marcio de Souza"]
[Black "Cunha, Lucas Aguiar"]
[Result "0-1"]
[WhiteElo "1936"]
[BlackElo "2130"]
[PlyCount "38"]
[EventDate "2011.01.18"]
[EventType "swiss"]
[EventRounds "6"]
[EventCountry "BRA"]
[SourceTitle "CBM 140 Extra"]
[Source "ChessBase"]
[SourceDate "2011.03.01"]
[SourceVersion "1"]
[SourceVersionDate "2011.03.01"]
[SourceQuality "1"]

1. f4 d6 2. Nf3 Nf6 3. b3 g6 4. Bb2 Bg7 5. e3 0-0 6. c4 Nc6 7. d4 Bg4 8. Be2 Bf5 9. a3 e5 10. fxe5 Ng4 11. Qd2 Bh6 12. Qc3 Nxe3 13. exd6 cxd6 14. Kf2 Re8 15. d5 Ne5 16. Re1 Bg7 17. Nxe5 Bxe5 18. Qd2 Qh4+ 19. Kf3 Qf4# 0-1

[Event "Brasilia Josetti Memorial"]
[Site "Brasilia"]
[Date "2009.12.20"]
[Round "5"]
[White "Brasileiro, Antonio Carlos"]
[Black "Pessoa, Marcio de Souza"]
[Result "0-1"]
[WhiteElo "2364"]
[BlackElo "1955"]
[PlyCount "84"]
[EventDate "2009.12.03"]
[EventType "tourn"]
[EventRounds "9"]
[EventCountry "BRA"]
[SourceTitle "EXT 2022"]
[Source "ChessBase"]
[SourceDate "2021.10.06"]
[SourceVersion "1"]
[SourceVersionDate "2021.10.06"]
[SourceQuality "1"]

1. e4 c6 2. d4 d5 3. Nc3 dxe4 4. Nxe4 Nf6 5. Nxf6+ gxf6 6. Bf4 Bf5 7. Bc4 Nd7 8. c3 Nb6 9. Bb3 h5 10. h4 Nd5 11. Bg3 Bg4 12. Ne2 Bh6 13. Qd3 Qd7 14. 0-0 0-0-0 15. Bh2 Rdg8 16. Kh1 Rg7 17. c4 Nb4 18. Qe4 Bf5 19. Qf3 Rg4 20. Ng3 Bd3 21. Rfd1 Rxd4 22. Qxh5 Bg6 23. Qe2 Bf4 24. Rxd4 Qxd4 25. Rd1 Nd3 26. Rxd3 Bxd3 27. Qg4+ e6 28. Ne2 Bxe2 29. Qxf4 Qxf4 30. Bxf4 Rxh4+ 31. Bh2 Bxc4 32. Bc2 Bxa2 33. g3 Bd5+ 34. Kg1 Rb4 35. b3 Bxb3 36. Bh7 Bd5 37. f4 a5 38. g4 a4 39. g5 fxg5 40. f5 a3 41. f6 Rg4+ 42. Kf1 Rh4 0-1

[Event "Brasilia Josetti Memorial"]
[Site "Brasilia"]
[Date "2009.12.20"]
[Round "7"]
[White "Lucena, Lincoln"]
[Black "Pessoa, Marcio de Souza"]
[Result "1-0"]
[WhiteElo "2139"]
[BlackElo "1955"]
[PlyCount "156"]
[EventDate "2009.12.03"]
[EventType "tourn"]
[EventRounds "9"]
[EventCountry "BRA"]
[SourceTitle "EXT 2022"]
[Source "ChessBase"]
[SourceDate "2021.10.06"]
[SourceVersion "1"]
[SourceVersionDate "2021.10.06"]
[SourceQuality "1"]

1. Nf3 d5 2. g3 Nc6 3. d4 Bf5 4. Bg2 Qd7 5. 0-0 Bh3 6. Bxh3 Qxh3 7. c4 e6 8. cxd5 exd5 9. Nc3 Nf6 10. Bg5 0-0-0 11. Rc1 Bd6 12. Bxf6 gxf6 13. e4 dxe4 14. Nxe4 Be7 15. Qc2 Qg4 16. Ned2 h5 17. Rfe1 Bd6 18. Re4 Qd7 19. Qa4 f5 20. d5 Nb8 21. Rd4 Na6 22. Qxd7+ Rxd7 23. a3 f6 24. b4 Be5 25. Rd3 Rhd8 26. b5 Nb8 27. b6 axb6 28. Nc4 Nc6 29. Rcd1 b5 30. Ne3 Ne7 31. Nh4 f4 32. Nef5 Nxf5 33. Nxf5 fxg3 34. hxg3 Kb8 35. Kg2 Bd6 36. Nd4 h4 37. gxh4 Rg8+ 38. Kf3 Rh7 39. Nf5 Be5 40. Rh1 Rh5 41. Ng3 Rh7 42. h5 Rg5 43. h6 Bxg3 44. fxg3 Rg6 45. Kf4 Rgxh6 46. Rxh6 Rxh6 47. Kf5 Ka7 48. d6 cxd6 49. Rxd6 Rh3 50. Kf4 Rh6 51. Kf5 Rh3 52. Rd3 Rh6 53. Rd4 Rh3 54. Rd3 Rh6 55. Re3 b6 56. Re4 Rh3 57. Rg4 Rh1 58. Rf4 Rh3 59. Rf3 Rh6 60. Ke6 Rg6 61. Kf7 Rg4 62. Kxf6 b4 63. Kf5 Rc4 64. axb4 Rxb4 65. g4 Rc4 66. g5 b5 67. g6 Kb6 68. g7 Rc8 69. Ke6 Rg8 70. Kf7 Rc8 71. Kg6 Rg8 72. Rf8 Rxg7+ 73. Kxg7 Kc5 74. Kf6 b4 75. Ke5 b3 76. Rc8+ Kb4 77. Kd4 b2 78. Rb8+ Ka3 1-0

[Event "Brasilia Josetti Memorial"]
[Site "Brasilia"]
[Date "2009.12.04"]
[Round "1"]
[White "Pessoa, Marcio de Souza"]
[Black "Rodi, Luis Ernesto"]
[Result "0-1"]
[WhiteElo "1955"]
[BlackElo "2364"]
[PlyCount "104"]
[EventDate "2009.12.03"]
[EventType "tourn"]
[EventRounds "9"]
[EventCountry "BRA"]
[SourceTitle "EXT 2022"]
[Source "ChessBase"]
[SourceDate "2021.10.06"]
[SourceVersion "1"]
[SourceVersionDate "2021.10.06"]
[SourceQuality "1"]

1. e4 e6 2. c4 d5 3. exd5 exd5 4. d4 Nf6 5. Nc3 Be7 6. Nf3 0-0 7. h3 Re8 8. Be2 dxc4 9. 0-0 Nd5 10. Bxc4 Be6 11. Qb3 Nxc3 12. bxc3 Bxc4 13. Qxc4 Bf6 14. Bf4 Nc6 15. Rae1 Qd7 16. Ne5 Bxe5 17. Bxe5 Rac8 18. Bg3 Na5 19. Qd3 b5 20. f4 Qd5 21. f5 Nc4 22. f6 c5 23. Bh4 cxd4 24. Qg3 g6 25. Qf4 d3 26. Qh6 Qc5+ 27. Bf2 Qf8 28. Qg5 Rxe1 29. Rxe1 d2 30. Rd1 a6 31. Rxd2 h6 32. Qf4 Nxd2 33. Qxd2 Rd8 34. Qf4 Rd1+ 35. Kh2 Qd6 36. Qxd6 Rxd6 37. Bd4 Rd5 38. a3 Kf8 39. g4 h5 40. Kg3 hxg4 41. hxg4 Ke8 42. Kf4 Kd7 43. Ke4 Kc6 44. Kf4 Rd8 45. Kg5 Rh8 46. Be5 Kd5 47. Bc7 Rc8 48. Ba5 Ke6 49. Bb4 Rc4 50. Be7 Rxc3 51. Bb4 Rc4 52. Be7 a5 0-1

[Event "Brasiliense-ch 49th"]
[Site "Brasilia"]
[Date "2009.09.17"]
[Round "13.4"]
[White "Pessoa, Marcio de Souza"]
[Black "Rocha, Tarciso"]
[Result "1-0"]
[WhiteElo "1980"]
[BlackElo "1950"]
[PlyCount "143"]
[EventDate "2009.08.31"]
[EventType "tourn"]
[EventRounds "13"]
[EventCountry "BRA"]
[SourceTitle "EXT 2022"]
[Source "ChessBase"]
[SourceDate "2021.10.06"]
[SourceVersion "1"]
[SourceVersionDate "2021.10.06"]
[SourceQuality "1"]

1. e4 c5 2. Nf3 d6 3. Bc4 e6 4. Nc3 a6 5. a3 Nc6 6. d3 Nf6 7. Bg5 Be7 8. h3 0-0 9. 0-0 b5 10. Ba2 Bb7 11. Ne2 Qc7 12. Ng3 Rac8 13. Qd2 Nd4 14. Nh2 h6 15. Be3 d5 16. c3 Nc6 17. exd5 Nxd5 18. Bxd5 exd5 19. Ng4 Ne5 20. Bf4 Bd6 21. Nf5 Nf3+ 22. gxf3 Bxf4 23. Qc2 Qd7 24. d4 cxd4 25. Kh1 Rc6 26. Rg1 Kh8 27. Nxg7 Rg6 28. Nh5 Qd6 29. Qf5 Bg5 30. cxd4 Bc8 31. Qe5+ Qxe5 32. Nxe5 Rgg8 33. f4 Bh4 34. Rxg8+ Kxg8 35. Rg1+ Kh8 36. Rg7 Be6 37. f5 Bxf5 38. Nxf7+ Rxf7 39. Rxf7 Bg6 40. Rf8+ Kh7 41. Ng3 a5 42. Rb8 Bd3 43. Kg2 Bf6 44. Rb7+ Kg6 45. Kf3 Bxd4 46. b4 a4 47. Ne2 Be4+ 48. Kg3 Be5+ 49. f4 Bb2 50. Rxb5 d4 51. f5+ Kf6 52. Kf4 d3 53. Ng3 Bg2 54. Rb6+ Ke7 55. Re6+ Kd7 56. Ke3 Bxa3 57. Kxd3 Bxb4 58. Rxh6 a3 59. Rh7+ Ke8 60. Ne4 Be7 61. Nc3 Bc6 62. Kc2 Bd7 63. Rh5 Kf7 64. Kb3 Bc6 65. Rh6 Bg2 66. h4 Bf3 67. Ra6 Bg4 68. Ra7 Bf3 69. h5 Bxh5 70. Nd5 Bd1+ 71. Ka2 Bf3 72. Nxe7 1-0

[Event "Brasiliense-ch 49th"]
[Site "Brasilia"]
[Date "2009.09.12"]
[Round "9.6"]
[White "Pessoa, Marcio de Souza"]
[Black "Sergio Filho, Claudio Santos"]
[Result "1-0"]
[WhiteElo "1980"]
[BlackElo "1953"]
[PlyCount "63"]
[EventDate "2009.08.31"]
[EventType "tourn"]
[EventRounds "13"]
[EventCountry "BRA"]
[SourceTitle "EXT 2022"]
[Source "ChessBase"]
[SourceDate "2021.10.06"]
[SourceVersion "1"]
[SourceVersionDate "2021.10.06"]
[SourceQuality "1"]

1. e4 e5 2. Nf3 Nc6 3. Bc4 f5 4. d3 d6 5. Ng5 Nh6 6. Ne6 Bxe6 7. Bxe6 Qf6 8. Bd5 f4 9. a3 g5 10. b4 0-0-0 11. Bxc6 bxc6 12. c4 d5 13. Qa4 dxe4 14. dxe4 g4 15. Qa6+ Kd7 16. Nc3 g3 17. hxg3 fxg3 18. f3 Qd6 19. Bxh6 Bxh6 20. Rd1 Ke7 21. Rxd6 Rxd6 22. Rxh6 Rxh6 23. Qxa7 Kd7 24. f4 Rf8 25. f5 Rh2 26. Qc5 Re8 27. b5 Rxg2 28. Qxc6+ Ke7 29. Nd5+ Kf8 30. Qf6+ Kg8 31. Ne7+ Rxe7 32. Qxe7 1-0

[Event "Brasiliense-ch 49th"]
[Site "Brasilia"]
[Date "2009.09.11"]
[Round "8.2"]
[White "Lebredo Zaragoitia, Gerardo"]
[Black "Pessoa, Marcio de Souza"]
[Result "1-0"]
[WhiteElo "2258"]
[BlackElo "1980"]
[PlyCount "113"]
[EventDate "2009.08.31"]
[EventType "tourn"]
[EventRounds "13"]
[EventCountry "BRA"]
[SourceTitle "EXT 2022"]
[Source "ChessBase"]
[SourceDate "2021.10.06"]
[SourceVersion "1"]
[SourceVersionDate "2021.10.06"]
[SourceQuality "1"]

1. d4 d5 2. c4 e6 3. Nc3 Nf6 4. Bg5 Be7 5. e3 h6 6. Bh4 Nbd7 7. Nf3 b6 8. cxd5 exd5 9. Bb5 0-0 10. Bc6 Rb8 11. 0-0 Bb7 12. Qa4 Bxc6 13. Qxc6 Rc8 14. Nxd5 Nxd5 15. Qxd5 Bxh4 16. Nxh4 c6 17. Qd6 Nf6 18. Qxd8 Rfxd8 19. Rac1 c5 20. dxc5 Rxc5 21. Rxc5 bxc5 22. Nf3 Ne4 23. Rc1 Nd2 24. Ne1 c4 25. f3 Rb8 26. Rc2 Nb1 27. Kf2 a5 28. Rxc4 Rxb2+ 29. Rc2 Rxc2+ 30. Nxc2 Kf8 31. e4 Ke7 32. Ke3 Kd6 33. Kd3 Kc5 34. a4 g5 35. g4 Kd6 36. Ne3 Kc5 37. Nf5 Kb4 38. Nxh6 f6 39. Ng8 Nc3 40. Nxf6 Nxa4 41. Nd5+ Kb3 42. Kd4 Nb2 43. e5 Nc4 44. e6 Nd6 45. Nc3 a4 46. Nxa4 Kxa4 47. Ke5 Ne8 48. Kf5 Kb5 49. Kxg5 Kc6 50. f4 Kd6 51. f5 Ke7 52. h4 Nf6 53. h5 Ne4+ 54. Kg6 Nf6 55. h6 Nxg4 56. h7 Ne5+ 57. Kh5 1-0

[Event "Brasiliense-ch 49th"]
[Site "Brasilia"]
[Date "2009.09.08"]
[Round "5.7"]
[White "Lucena, Lincoln"]
[Black "Pessoa, Marcio de Souza"]
[Result "1-0"]
[WhiteElo "2148"]
[BlackElo "1980"]
[PlyCount "95"]
[EventDate "2009.08.31"]
[EventType "tourn"]
[EventRounds "13"]
[EventCountry "BRA"]
[SourceTitle "EXT 2022"]
[Source "ChessBase"]
[SourceDate "2021.10.06"]
[SourceVersion "1"]
[SourceVersionDate "2021.10.06"]
[SourceQuality "1"]

1. c4 e5 2. Nc3 Nf6 3. Nf3 Nc6 4. d3 h6 5. g3 a6 6. Bg2 Bc5 7. 0-0 d6 8. a3 Bg4 9. h3 Be6 10. b4 Ba7 11. Kh2 0-0 12. Nd2 Rb8 13. Nd5 Nh7 14. e3 f5 15. f4 Ne7 16. Nxe7+ Qxe7 17. Re1 Bd7 18. Bb2 Bc6 19. Bxc6 bxc6 20. fxe5 dxe5 21. Nf3 e4 22. Ne5 Qd6 23. c5 Qe6 24. Bd4 Ng5 25. h4 Nf7 26. Nc4 Rbd8 27. Qc2 Rd5 28. Rf1 Rfd8 29. dxe4 fxe4 30. Rad1 Rh5 31. Kg1 Qg4 32. Rf4 Qxg3+ 33. Qg2 Qxg2+ 34. Kxg2 g5 35. hxg5 Rxg5+ 36. Kf2 Rh5 37. Rg1+ Ng5 38. Rg2 Kh7 39. Ke2 Rh1 40. Rxe4 Rf8 41. Re7+ Kg6 42. Rg7+ Kh5 43. R2xg5+ hxg5 44. Rh7+ Kg4 45. Rxh1 Rd8 46. Ne5+ Kg3 47. Nxc6 Ra8 48. Rh8 1-0

[Event "Brasiliense sf 01"]
[Site "Brazil"]
[Date "2009.06.03"]
[Round "3"]
[White "Assuncao, Cicero Jr"]
[Black "Pessoa, Marcio de Souza"]
[Result "0-1"]
[WhiteElo "1885"]
[BlackElo "1996"]
[PlyCount "54"]
[EventDate "2009.06.01"]
[EventType "swiss"]
[EventRounds "6"]
[EventCountry "BRA"]
[SourceTitle "EXT 2012"]
[Source "ChessBase"]
[SourceDate "2011.11.24"]
[SourceVersion "1"]
[SourceVersionDate "2011.11.24"]
[SourceQuality "1"]

1. Nf3 c6 2. c4 Nf6 3. b3 d5 4. cxd5 cxd5 5. Bb2 Nc6 6. e3 Bf5 7. Be2 e6 8. 0-0 Bd6 9. Nc3 a6 10. Rc1 Rc8 11. Nh4 Bg6 12. a3 Ne5 13. d3 Nfd7 14. f4 Qxh4 15. g3 Qh6 16. fxe5 Qxe3+ 17. Kg2 Nxe5 18. Rc2 0-0 19. Bc1 Qa7 20. Bf4 Qb8 21. b4 Nc6 22. Bh5 Nd4 23. Rc1 Nf5 24. Bxg6 Bxf4 25. Bxf5 Bxc1 26. Bxh7+ Kxh7 27. Qh5+ Bh6 0-1